Least Guessed Beatles Songs - Statistics

General Stats
  • This quiz has been taken 32 times
  • The average score is 11 of 25
Answer Stats
% Guessed Answer % Correct
13% Matchbox
80%
9% Slow Down
65%
13% Little Child
60%
13% Words of Love
60%
12% Yes it Is
60%
10% I Call Your Name
55%
11% I'll Get You
55%
11% What You're Doing
55%
14% Devil in Her Heart
50%
14% I'll Cry Instead
50%
11% Not a Second Time
50%
13% She's a Woman
50%
11% Thank You Girl
50%
13% The Inner Light
50%
13% Every Little Thing
45%
12% Bad Boy
40%
12% When I Get Home
40%
14% Everybody's Trying to Be My Baby
35%
13% You Really Got a Hold on Me
35%
14% All I've Got to Do
30%
14% Any Time at All
30%
13% Tell Me What You See
30%
14% You Like Me Too Much
25%
14% You Know My Name (Look Up the Number)
20%
15% Things We Said Today
15%
No matching quizzes found
Score Distribution
Percent of People with Each Score
Percentile by Number Answered
Your Score History
You have not taken this quiz